Ampliación : la técnica del positivo /

Contiene: 1) Importancia de la ampliación, 2) El negativo, 3) Papeles positivos, 4) La ampliadora, 5) Elección de la ampliadora, 6) Disposición del laboratorio, 7) Las ampliaciones en la práctica, 8) Aparatos auxiliares, 9) Posibilidades de las ampliaciones, 10) Revelado de los positivos, 11) Fijado...

Descripción completa

Guardado en:
Detalles Bibliográficos
Autor principal: Jacobson, C.I (autor)
Otros autores: Sagrera, Rosendo (actualización y traducción) (actualización y traducción)
Formato: Libro
Idioma:Español
Publicado: Barcelona, España : Omega, 1957, c1957
Edición:2a edición
Temas:
Etiquetas: Agrega una etiqueta
Sin etiquetas, Sé el primero en etiquetar este registro!

MARC

LEADER 00000nam^a2200000^a^4500
001 000355222
005 20260323093306.0
009 20260407173321.348
037 |a Acervo ITESO - Biblioteca 
041 |a ESP 
082 |a 771. 28  |b JAC 
100 |a Jacobson, C.I.  |e (autor) 
245 1 0 |a Ampliación :  |b la técnica del positivo /  |c C.I. Jacobson ; actualización y tr. por R. Sagrera. 
250 |a 2a edición  |b revisada y aumentada 
264 4 |a Barcelona, España :  |b Omega,  |c 1957, c1957 
300 |a 285 p. 
336 |a texto  |b txt  |2 rdacontenido 
337 |a sin mediación  |b n  |2 rdamedio 
338 |a volumen  |b nc  |2 rdasoporte 
500 |a Traducción de: Enlarging: The Technique of the Positive 
520 |a Contiene: 1) Importancia de la ampliación, 2) El negativo, 3) Papeles positivos, 4) La ampliadora, 5) Elección de la ampliadora, 6) Disposición del laboratorio, 7) Las ampliaciones en la práctica, 8) Aparatos auxiliares, 9) Posibilidades de las ampliaciones, 10) Revelado de los positivos, 11) Fijado, lavado y secado, 12) Refinamientos de laboratorio, 13) Virajes, 14) Retoque, cortado y montaje, 15) Procedimientos especiales, 16) Fórmulas útiles, 17) Substitutivos de productos químicos, 18) Defectos posibles en las ampliaciones. 
649 |a XX 
650 |a Fotografía -  |x Materiales y Equipo 
650 |a Fotografía -  |x Ampliación -  |x Tema Principal 
650 |a Fotografía -  |x Procesos de Impresión 
650 |a Fotografía -  |x Técnica 
650 |a Arte -  |x Técnica 
650 |a Comunicación Visual 
700 |a Sagrera, Rosendo  |e (actualización y traducción) 
910 |a Fondo Jesús Romero Hernández S.J. 
920 |a Impresos - Libros 
930 |a Fondos Especiales 
905 |a 118 
901 |a 0500247978  |b IT2  |c ESP  |u 20250521 
902 |a https://opac.biblio.iteso.mx/vufind/Record/000355222